<the> International journal of accounting Education and Research
Guardado en:
| Formato: | Seriadas |
|---|---|
| Lenguaje: | inglés |
| Publicado: |
Wien
Springer
1994
|
| Materias: | |
| Etiquetas: |
Sin Etiquetas, Sea el primero en etiquetar este registro!
|
MARC
| LEADER | 00000nas2a2200000 4500 | ||
|---|---|---|---|
| 001 | s017942 | ||
| 005 | 20240109100453.4 | ||
| 022 | |a 0020-7063 | ||
| 041 | 0 | |a eng | |
| 044 | |a AT | ||
| 245 | 1 | 0 | |a <the> International journal of accounting |b Education and Research |
| 264 | 1 | |a Wien |b Springer |c 1994 | |
| 300 | |a 1 zv. | ||
| 773 | 0 | |w eu_un_cat*s120090 | |
| 610 | 2 | 0 | |a účtovníctvo |
| 610 | 2 | 0 | |a financie medzinárodné |